Indonesia-the effect of past policies and president suharto's plans for the future

Guardat en:
Dades bibliogràfiques
Autor principal: Thomas, K. D.
Format: Llibre
Idioma:Undetermined
Publicat: CEDA 1973
Matèries:
Etiquetes: Afegir etiqueta
Sense etiquetes, Sigues el primer a etiquetar aquest registre!
Thư viện lưu trữ: Trung tâm Học liệu Trường Đại học Cần Thơ
LEADER 00566nam a2200193Ia 4500
001 CTU_92629
008 210402s9999 xx 000 0 und d
082 |a 338.9598 
082 |b T454 
100 |a Thomas, K. D. 
245 0 |a Indonesia-the effect of past policies and president suharto's plans for the future 
245 0 |c K. D. Thomas 
260 |b CEDA 
260 |c 1973 
650 |a Indonesia,Indonesia 
650 |x Economic policy,Economic conditions 
650 |y 1945- 
904 |i Tuyến 
980 |a Trung tâm Học liệu Trường Đại học Cần Thơ